000 01464mam a2200313 a 4500
001 1713805
005 20220326193313.0
008 960806s1996 gw ac b 100 0 eng d
020 _a3791316001
035 _a(OCoLC)ocm35197205
040 _aRMP
_cRMP
_dUIU
_dNGU
082 _a720
_bN772h
090 _aNA804.H3
_bA7 1995
100 _aNoever, Peter,
_92194
111 2 _aArchitecture Again
_d(1994-1995 :
_cHavana, Cuba)
_92195
245 1 4 _aThe Havana project :
_bArchitecture Again : international conference on architecture, Havana, Cuba /
_cedited by Peter Noever for MAK, Vienna and MAK Center for Art and Architecture, Los Angeles ; with Coop Himmelb(l)au/Wolf Prix ... [et al.].
246 3 0 _aArchitecture Again
260 _aMunich ;
_aNew York :
_bPrestel,
_cc1996.
300 _a184 p. :
_bill. (some col.), ports. ;
_c24 cm.
500 _aConference held Dec. 31, 1994 to Jan. 5, 1995 in Havana, Cuba.
504 _aIncludes bibliographical references.
505 _tarquitectural visions for cuba
_rFidel Castro Ruz
_tWhy Havana? Why arquitecture?
_rPeter Noever
_tDressing Havana
_rEmilio Escobar
_tArqutecture Again
_tThe Havana projects
650 0 _aArchitecture
_zCuba
_zHavana
_vCongresses.
_xUrbanism
_92196
700 1 _aNoever, Peter,
_d1941-
_92197
710 2 _aÖsterreichisches Museum für Angewandte Kunst.
_92198
710 2 _aMAK-Center for Art and Architecture, Los Angeles.
_92199
710 2 _aCoop Himmelblau.
_92200
999 _c458
_d458